Регионална библиотека "Любен Каравелов" - Русе

Самолети (Запис номер 89671)

MARC детайли
000 -Лидер
Контролно поле с фиксирана дължина 01968nam a2200397 c 4500
003 - Код на организацията, давaща контролен номер
Контролно поле BLK
005 - Дата и час на последна редакция
Контролно поле 20240330112443.0
008 - Елементи от данни с фиксирана дължина
fixed length control field 180408b bul|||||r ||||||| ||bul||
010 ## - Наследен системен номер
LC control number KNG00094372000
020 ## - Международен стандартен номер на книга ISBN
Международен стандартен номер на книга ISBN 978-954-431-388-3
-- издат.: Златното пате
040 ## - Източник на каталожния запис
Идентификатор на билиотеката - собственик на записа BLK
041 ## - Код за език
Код за езика на текст/звукозапис или на отделно заглавие Български
Код за езика КДБФ Български
080 ## - УДК
Текстов определител УДК Въздухоплаване. Авиация
УДК код - определител по УДК 629.73
УДК определител (02.053.2)
УДК - код + определител 629.73(02.053.2)
139 ## - Редно поле
Редна дума Кацаф, Антон Максимович
Авторски знак Кац - К 48
245 10 - Сведения за заглавието
Заглавие Самолети
Подзаглавни данни В помощ на ученика
Редно поле (дума) текст А. М. Кацафа; прев. от рус. Александър Качин; ил. Татяна Владимировна Канивец; * Антон Максимович Кацаф.
257 ## - Страна на издаване
Страна на създаване/издаване Русия
260 ## - Област на издателските данни
-- София
Име на издателя, разпространителя и проч. Златното пате
Година на издаване 2009
Печатница София : Образование и наука
300 ## - Физическа характеристика
Страници 96 с.
Илюстрации и др. с цв. ил.
Размери/Мащаб 25 см
380 ## - Жанр
Жанр Детска отраслова лит.
490 1# - СЕРИИ (Колекции)
Име на серия Поредица Опознай света
№: серия Кн. 7
500 ## - Общи забележки
Забележка Без сведение за ориг. загл. ; Ориг. загл. Самолеты. - Истинското име на авт. е Антон Максимович Кацаф ; Авт. отбелязан в библиогр. каре.
650 #4 - Допълнително описание по предмет – тема
Основно описание – тема или топоним Самолети
9 (RLIN) 170161
653 ## - Ключова дума – ненормативна
Ключова дума самолети
653 ## - Ключова дума – ненормативна
Ключова дума детска литература
653 ## - Ключова дума – ненормативна
Ключова дума литература за деца
700 1# - Други автори (авторска отговорност)
Лично име Кацафа, А. М.
Автороска отговорност (Описва отношението между автора и произведението) текст
9 (RLIN) 77818
700 1# - Други автори (авторска отговорност)
Лично име Качин, Александър
Автороска отговорност (Описва отношението между автора и произведението) прев. от рус.
9 (RLIN) 365705
700 1# - Други автори (авторска отговорност)
Лично име Канивец, Татяна Владимировна
Автороска отговорност (Описва отношението между автора и произведението) ил.
9 (RLIN) 76010
700 1# - Други автори (авторска отговорност)
Лично име Кацаф, Антон Максимович
Автороска отговорност (Описва отношението между автора и произведението) *
9 (RLIN) 77817
852 ## - Местоположение
Форматна сигнатура Цб 247215
856 4# - Електронен адрес и достъп
Електронен формат pdf - файл
Път до файла /url/
856 4# - Електронен адрес и достъп
Електронен формат pdf - файл
Път до файла /url/
942 ## - АРТИКУЛИ
Вид на библиотечния материал Книги
Скрит в OPAC Не
Koha issues (borrowed), all copies 11
944 ## - СЪЗДАВАНЕ И РЕДАКЦИЯ на ЗАПИСА
Създаване/Редакция Създаване
Дата на регистрацията/редакция 16.02.2010
Статус, дата на статуса Моника Янева
Служител, извършил регистрацията/редакцията 30570
944 ## - СЪЗДАВАНЕ И РЕДАКЦИЯ на ЗАПИСА
Създаване/Редакция Редакция
Дата на регистрацията/редакция 23.02.2016
Статус, дата на статуса ф /
Служител, извършил регистрацията/редакцията Людмила_Стоянова
999 ## - СИСТЕМНИ КОНТРОЛНИ НОМЕРА
Koha biblionumber 89671
Koha biblioitemnumber 89671
Наличности
Код за отписване Код за изгубен артикул Код за повреда Коз за рестрикции Код за отдаване Артикулен № Име на библиотеката - собственик Име на библиотеката, в която се намира в момента Статус (Текущо местоположение) Дата на вписване в системата Местоположение - отдел Цена в лева Инвентарен номер Систематично азбучна сигнатура Баркод Номер на екземпляра Цена в евро Служебна бележка Служебен тип на артикула
  Не е изгубен Не е повреден без рестрикции ползва се в читалня 145178 Регионална библиотека "Любен Каравелов" Русе Регионална библиотека "Любен Каравелов" Русе Хранилище 2010-02-16 Хранилище 9.99 120000742226 Цб 247215 120000742226 1 5.11 Дост: Dp Вид: Д N: 34 Дата: 12.08.2009 Книги
  Не е изгубен Не е повреден без рестрикции заемане за дома 145179 Регионална библиотека "Любен Каравелов" Русе Регионална библиотека "Любен Каравелов" Русе Детски отдел 2016-01-28 Детски отдел 11.00 120000797189 ДН 629/К 48 120000797189 2 5.62 Дост: DA Вид: А N: 4 Дата: 28.01.2016 Книги
Vip Innovations Ltd, Rousse, Bulgaria 2025